00901 a2200217 4500003000500000005001700005040000900022082001000031100002800041245010400069260003100173300001500204505017500219538002900394650001400423651001200437942000800449999001900457952010400476952010300580Nust20170207153209.0 cNust a005.1 aSaeed, Ali (MSCS-11) aLaxity-aware dynamic check pointing strategy for rtos under multiple transient faultscAli Saeed  bMCS,NUSTc2007aRawalpindi aix,70, p.; aIntroduction (page-1) Literature review (page-6) Proposed mechanism (page-17) Simulation results (page-29) Results analysis and comparison (page-55) Conclusion (page-61) aAlmirah No 73 Shelf No 2 aPG Thesis aMSCS-11 cTHS c181303d181303 00102ddc40708NFICaMCSbMCSd2016-12-12l0o005.1 SAEpMCSTCS-194r2016-12-08w2016-12-12yBK 00102ddc40708NFICaMCSbMCSd2016-12-12l0o005.1 SAEpMCSTCS-69r2016-12-08w2016-12-12yBK